[Event "Milan SSM July"]
[Site "Milan"]
[Date "2015.07.04"]
[Round "3"]
[White "Bemporad, Filippo"]
[Black "Vezzosi, Paolo"]
[Result "0-1"]
[WhiteElo "2042"]
[BlackElo "2349"]
[PlyCount "94"]
[EventDate "2015.07.02"]
[EventType "swiss"]
[EventRounds "5"]
[EventCountry "ITA"]
[SourceTitle "EXT 2024"]
[Source "ChessBase"]
[SourceDate "2023.10.10"]
[SourceVersion "1"]
[SourceVersionDate "2023.10.10"]
[SourceQuality "1"]

1. d4 c5 2. e3 Nf6 3. Nf3 g6 4. Bd3 Bg7 5. 0-0 0-0 6. b3 b6 7. Bb2 Bb7 8. c4 cxd4 9. Nxd4 Na6 10. Nc3 Nc5 11. Be2 a6 12. Rc1 Rc8 13. Ba1 Rc7 14. Bf3 e5 15. Nc2 e4 16. Be2 Qa8 17. Nb4 Rfc8 18. Ncd5 Nxd5 19. Nxd5 Bxd5 20. Bxg7 Kxg7 21. cxd5 b5 22. Qd4+ Kg8 23. Rcd1 Re8 24. Qf6 Qa7 25. h4 Rb7 26. h5 Qb6 27. Qd4 d6 28. Rc1 b4 29. Rfd1 Re5 30. Rc4 a5 31. Rdc1 Rc7 32. g3 gxh5 33. Kg2 h4 34. g4 f5 35. Rh1 Rg7 36. Rxh4 Qc7 37. Rc1 fxg4 38. Rch1 Qd7 39. Rh5 Rxh5 40. Rxh5 Qf7 41. Rh6 Rg6 42. Rxg6+ Qxg6 43. Qd1 h5 44. Qh1 Nd3 45. Qh4 Qf7 46. Kf1 Qf5 47. Qg3 Qxd5 0-1

[Event "Melegnano op 13th"]
[Site "Melegnano"]
[Date "2014.03.02"]
[Round "5"]
[White "Bemporad, Filippo"]
[Black "Pelizzola, Danilo"]
[Result "0-1"]
[WhiteElo "2058"]
[BlackElo "2143"]
[PlyCount "126"]
[EventDate "2014.02.28"]
[EventType "swiss"]
[EventRounds "5"]
[EventCountry "ITA"]
[SourceTitle "EXT 2015"]
[Source "ChessBase"]
[SourceDate "2014.11.20"]
[SourceVersion "1"]
[SourceVersionDate "2014.11.20"]
[SourceQuality "1"]

1. d4 d5 2. c4 c6 3. Nc3 Nf6 4. Nf3 e6 5. g3 Be7 6. Bg2 0-0 7. 0-0 b6 8. Ne5 Bb7 9. e4 dxc4 10. Nxc4 Ba6 11. b3 b5 12. Ne3 b4 13. Ne2 Bxe2 14. Qxe2 Qxd4 15. Bb2 Qb6 16. g4 Na6 17. Nc4 Qb5 18. f4 Nd7 19. g5 Nb6 20. Rac1 Nxc4 21. Rxc4 f6 22. gxf6 Bxf6 23. e5 Be7 24. Qg4 Bc5+ 25. Kh1 Rae8 26. Be4 Qb7 27. Rfc1 Qd7 28. Qg2 Rc8 29. Qc2 g6 30. Rxc5 Nxc5 31. Qxc5 Rxf4 32. Qe3 Rcf8 33. Bxc6 Qf7 34. Bg2 Rf2 35. Bd4 Rxa2 36. Bc5 Qf4 37. Qxf4 Rxf4 38. Bh3 Kf7 39. Rf1 Rxf1+ 40. Bxf1 a5 41. Bb5 Rc2 42. Bb6 Rd2 43. Bc4 Ra2 44. Bb5 g5 45. Ba4 Re2 46. Bxa5 Rxe5 47. Bxb4 Re2 48. Bb5 Rb2 49. Bc4 g4 50. Bc5 Rc2 51. Kg1 h5 52. Bd4 h4 53. Bf2 h3 54. Bg3 Kf6 55. Bd3 Rb2 56. Bc4 e5 57. Kf1 Kf5 58. Bd5 Rd2 59. Bc6 Rb2 60. Bd5 e4 61. Bc7 e3 62. Bb8 Rf2+ 63. Kg1 Rd2 0-1

[Event "Milan Befana op"]
[Site "Milan"]
[Date "2014.01.06"]
[Round "6"]
[White "Bisignano, Giuseppe"]
[Black "Bemporad, Filippo"]
[Result "0-1"]
[WhiteElo "1887"]
[BlackElo "2060"]
[PlyCount "46"]
[EventDate "2014.01.02"]
[EventType "swiss"]
[EventRounds "7"]
[EventCountry "ITA"]
[SourceTitle "EXT 2015"]
[Source "ChessBase"]
[SourceDate "2014.11.20"]
[SourceVersion "1"]
[SourceVersionDate "2014.11.20"]
[SourceQuality "1"]

1. e4 c5 2. Nf3 d6 3. d4 cxd4 4. Nxd4 Nf6 5. Nc3 e6 6. Be3 a6 7. Be2 Be7 8. 0-0 0-0 9. f4 Qc7 10. Bf3 Nc6 11. Nxc6 bxc6 12. g4 Rb8 13. Rb1 Nd7 14. Bg2 Bb7 15. g5 Rfe8 16. Rf3 d5 17. Rh3 g6 18. Qg4 f5 19. gxf6 Bxf6 20. f5 exf5 21. exf5 Rxe3 22. fxg6 Rxh3 23. gxh7+ Kh8 0-1

[Event "Milan Crespi op-A 34th"]
[Site "Milan"]
[Date "2013.12.05"]
[Round "6"]
[White "Bemporad, Filippo"]
[Black "Vezzosi, Paolo"]
[Result "1-0"]
[WhiteElo "2026"]
[BlackElo "2263"]
[PlyCount "61"]
[EventDate "2013.11.30"]
[EventType "swiss"]
[EventRounds "9"]
[EventCountry "ITA"]
[SourceTitle "CBM 157 Extra"]
[Source "ChessBase"]
[SourceDate "2013.12.19"]
[SourceVersion "1"]
[SourceVersionDate "2013.12.19"]
[SourceQuality "1"]

1. d4 d5 2. Nf3 Nf6 3. g3 c6 4. Bg2 Bf5 5. 0-0 e6 6. c4 Nbd7 7. Nfd2 Be7 8. Nc3 0-0 9. e4 dxe4 10. Ndxe4 Qb6 11. b3 Rfd8 12. Be3 Ng4 13. Bf4 Ndf6 14. c5 Qb4 15. a3 Qxd4 16. Qxd4 Rxd4 17. Nd6 Bxd6 18. Bxd6 Rd3 19. Rfc1 Nd5 20. Nxd5 exd5 21. b4 Nf6 22. Bf1 Rb3 23. Re1 Ne4 24. Bf4 a6 25. Be2 Nc3 26. Bf1 Be4 27. f3 Bxf3 28. Re3 Bg4 29. Rae1 f6 30. Rc1 d4 31. Bc4+ 1-0

[Event "Milan Crespi op-A 34th"]
[Site "Milan"]
[Date "2013.12.01"]
[Round "2"]
[White "Bemporad, Filippo"]
[Black "Aleksic, Nenad"]
[Result "1/2-1/2"]
[WhiteElo "2026"]
[BlackElo "2351"]
[PlyCount "81"]
[EventDate "2013.11.30"]
[EventType "swiss"]
[EventRounds "9"]
[EventCountry "ITA"]
[SourceTitle "CBM 157 Extra"]
[Source "ChessBase"]
[SourceDate "2013.12.19"]
[SourceVersion "1"]
[SourceVersionDate "2013.12.19"]
[SourceQuality "1"]

1. d4 Nf6 2. Nf3 b6 3. g3 Bb7 4. Bg2 g6 5. 0-0 Bg7 6. c4 0-0 7. Nc3 Ne4 8. Qd3 Nxc3 9. Qxc3 c5 10. Be3 d6 11. Qd2 Be4 12. Bh6 Nd7 13. Rfd1 Nf6 14. Bxg7 Kxg7 15. Ne1 Bxg2 16. Nxg2 Rc8 17. Rac1 Qd7 18. b3 cxd4 19. Qxd4 Rc5 20. b4 Rc7 21. Ne3 Kg8 22. a3 Rfc8 23. Rc3 Qe6 24. Rdc1 Qe4 25. Qd2 Qe5 26. Qd3 d5 27. f4 Qd6 28. cxd5 Rxc3 29. Rxc3 Rxc3 30. Qxc3 Nxd5 31. Nxd5 Qxd5 32. Qe3 e6 33. h3 h5 34. h4 Qb5 35. Kf2 Qc6 36. Qf3 Qd7 37. Qe3 Kh7 38. Qf3 a5 39. Qc3 axb4 40. Qxb4 b5 41. Qc3 1/2-1/2

[Event "Milan Molinari Memorial 7th"]
[Site "Milan"]
[Date "2013.11.02"]
[Round "4"]
[White "Quagliarella, Sabino Remo"]
[Black "Bemporad, Filippo"]
[Result "0-1"]
[WhiteElo "1888"]
[BlackElo "2026"]
[PlyCount "120"]
[EventDate "2013.10.31"]
[EventType "swiss"]
[EventRounds "6"]
[EventCountry "ITA"]
[SourceTitle "EXT 2015"]
[Source "ChessBase"]
[SourceDate "2014.11.20"]
[SourceVersion "1"]
[SourceVersionDate "2014.11.20"]
[SourceQuality "1"]

1. d4 Nf6 2. c4 e6 3. Nf3 b6 4. g3 Bb7 5. Bg2 Be7 6. 0-0 0-0 7. Nc3 d5 8. cxd5 Nxd5 9. Re1 Nd7 10. e4 N5f6 11. Bg5 Re8 12. Rc1 Nf8 13. Ne5 c5 14. dxc5 Bxc5 15. Nd3 Be7 16. Bxf6 Bxf6 17. e5 Bxg2 18. exf6 Bh3 19. fxg7 Kxg7 20. Qh5 Bf5 21. Ne5 Bg6 22. Qf3 Qf6 23. Qxf6+ Kxf6 24. f4 Red8 25. Red1 Rac8 26. Kf2 h5 27. Ke3 Bf5 28. Rxd8 Rxd8 29. Nb5 a6 30. Nd4 Ng6 31. Nef3 Ne7 32. Nxf5 Kxf5 33. h3 Nd5+ 34. Ke2 Rg8 35. Kf2 Rd8 36. a3 Rb8 37. Rc6 Rb7 38. Ne5 h4 39. Nc4 Rb8 40. Nd6+ Kf6 41. Kf3 hxg3 42. Ne4+ Ke7 43. Kxg3 Rg8+ 44. Kf3 Rg1 45. Nf2 Re1 46. Rc2 Re3+ 47. Kg4 f5+ 48. Kg5 Rg3+ 49. Kh4 Rg2 50. b4 Nxf4 51. a4 Nd3 52. Rc6 Rxf2 53. Rxb6 Kf6 54. Kg3 f4+ 55. Kh4 Kf5 56. b5 axb5 57. Rxb5+ e5 58. a5 Rg2 59. Rb8 Rg7 60. Rf8+ Ke4 0-1

[Event "Milan Molinari Memorial 7th"]
[Site "Milan"]
[Date "2013.11.01"]
[Round "2"]
[White "Damia, Angelo"]
[Black "Bemporad, Filippo"]
[Result "1/2-1/2"]
[WhiteElo "2188"]
[BlackElo "2026"]
[PlyCount "101"]
[EventDate "2013.10.31"]
[EventType "swiss"]
[EventRounds "6"]
[EventCountry "ITA"]
[SourceTitle "EXT 2015"]
[Source "ChessBase"]
[SourceDate "2014.11.20"]
[SourceVersion "1"]
[SourceVersionDate "2014.11.20"]
[SourceQuality "1"]

1. e4 c5 2. Nf3 d6 3. Bb5+ Bd7 4. Bxd7+ Qxd7 5. c4 Nc6 6. 0-0 Nf6 7. Nc3 e6 8. d4 cxd4 9. Nxd4 Be7 10. Be3 0-0 11. Rc1 Rac8 12. b3 Rfd8 13. f3 Ne5 14. Nde2 b6 15. Qd2 Qb7 16. Rfd1 a6 17. a4 Ned7 18. Qa2 Ne5 19. Nf4 Nc6 20. Nd3 Na5 21. Nf4 Nc6 22. Qf2 Rb8 23. h4 Nb4 24. Nd3 Nxd3 25. Rxd3 Nd7 26. Rdd1 Nc5 27. b4 Nd7 28. h5 h6 29. Bd4 Bg5 30. f4 Bf6 31. Qf3 Rbc8 32. Ne2 a5 33. Be3 Be7 34. b5 Nf6 35. e5 Qxf3 36. gxf3 dxe5 37. Bxb6 Rxd1+ 38. Rxd1 Rxc4 39. fxe5 Nd5 40. Bxa5 Rxa4 41. Be1 Ra2 42. Nc3 Nxc3 43. Bxc3 Ra3 44. Bd4 Rb3 45. b6 Bd8 46. Kf2 Bxb6 47. Bxb6 Rxb6 48. Rd8+ Kh7 49. Rd7 Kg8 50. Rd8+ Kh7 51. Rd7 1/2-1/2

[Event "Milan SSM op 08"]
[Site "Milan"]
[Date "2013.07.31"]
[Round "1"]
[White "Sonis, Francesco"]
[Black "Bemporad, Filippo"]
[Result "0-1"]
[WhiteElo "1733"]
[BlackElo "2029"]
[PlyCount "96"]
[EventDate "2013.07.31"]
[EventType "swiss"]
[EventRounds "7"]
[EventCountry "ITA"]
[SourceTitle "EXT 2015"]
[Source "ChessBase"]
[SourceDate "2014.11.20"]
[SourceVersion "1"]
[SourceVersionDate "2014.11.20"]
[SourceQuality "1"]

1. e4 c5 2. Nf3 d6 3. d4 cxd4 4. Nxd4 Nf6 5. Nc3 e6 6. Be3 Be7 7. f3 a6 8. Qd2 0-0 9. 0-0-0 b5 10. Kb1 Bb7 11. g4 b4 12. Nce2 d5 13. e5 Nfd7 14. f4 Qc7 15. Ng3 Nc6 16. Bd3 Nc5 17. Rhg1 Rfc8 18. Nh5 Ne4 19. Bxe4 dxe4 20. g5 Nxd4 21. Bxd4 Bc5 22. Bxc5 Qxc5 23. Rg3 Bd5 24. Rdg1 Rc7 25. Nf6+ Kh8 26. Ng4 Rd8 27. b3 Rcc8 28. Qf2 Bb7 29. Qxc5 Rxc5 30. Ne3 Kg8 31. R3g2 Kf8 32. Re2 a5 33. Rd1 Rdc8 34. Red2 Rc3 35. Re1 R8c7 36. f5 Rxe3 37. Rxe3 exf5 38. Rf2 g6 39. Rh3 Ke7 40. Rxh7 Ke6 41. Rh8 Kxe5 42. Re8+ Kd4 43. Rd8+ Ke3 44. Rdd2 Ba6 45. Kc1 f4 46. Rg2 f3 47. Rg4 Rc5 48. Kd1 Be2+ 0-1

[Event "Milan SSM op"]
[Site "Milan"]
[Date "2013.07.06"]
[Round "3"]
[White "Pollio, Ciro"]
[Black "Bemporad, Filippo"]
[Result "1/2-1/2"]
[WhiteElo "1736"]
[BlackElo "2029"]
[PlyCount "89"]
[EventDate "2013.07.04"]
[EventType "swiss"]
[EventRounds "5"]
[EventCountry "ITA"]
[SourceTitle "EXT 2015"]
[Source "ChessBase"]
[SourceDate "2014.11.20"]
[SourceVersion "1"]
[SourceVersionDate "2014.11.20"]
[SourceQuality "1"]

1. d4 Nf6 2. c4 e6 3. a3 d5 4. Nc3 c5 5. e3 Nc6 6. Nf3 Be7 7. dxc5 Bxc5 8. b4 Be7 9. Bb2 0-0 10. cxd5 exd5 11. Be2 Be6 12. 0-0 Rc8 13. Rc1 Bd6 14. Nb5 Bb8 15. Re1 Qe7 16. Nbd4 Nxd4 17. Qxd4 Rfd8 18. h3 Ne8 19. Bd3 f5 20. Ne5 Nd6 21. Rxc8 Rxc8 22. Rc1 Rd8 23. Nf3 Nc4 24. Qc3 Nxb2 25. Qxb2 Bd6 26. Nd4 Be5 27. Qb1 g6 28. Nxe6 Qxe6 29. Rc2 Kg7 30. Qc1 Bb8 31. Qa1+ Be5 32. Qc1 d4 33. exd4 Rxd4 34. Be2 Qb6 35. Bf3 Qd6 36. Ra2 Bf4 37. Qe1 Kh6 38. Ra1 b6 39. Rd1 Rxd1 40. Qxd1 Kg5 41. g3 Be5 42. h4+ Kf6 43. Qd5 Qxd5 44. Bxd5 Ke7 45. a4 1/2-1/2

[Event "Milan Palladino Memorial"]
[Site "Milan"]
[Date "2013.04.01"]
[Round "6"]
[White "Bemporad, Filippo"]
[Black "Marchini, Daniele"]
[Result "0-1"]
[WhiteElo "2055"]
[BlackElo "1873"]
[PlyCount "76"]
[EventDate "2013.03.28"]
[EventType "swiss"]
[EventRounds "7"]
[EventCountry "ITA"]
[SourceTitle "EXT 2014"]
[Source "ChessBase"]
[SourceDate "2013.11.20"]
[SourceVersion "1"]
[SourceVersionDate "2013.11.20"]
[SourceQuality "1"]

1. d4 Nf6 2. Nf3 e6 3. g3 c5 4. Bg2 cxd4 5. 0-0 d5 6. Nxd4 e5 7. Nf3 Nc6 8. c4 d4 9. e3 Be7 10. exd4 exd4 11. Qd3 Nb4 12. Qb3 Bf5 13. Na3 a5 14. Qa4+ Bd7 15. Nb5 Nc6 16. Qd1 d3 17. Qxd3 0-0 18. Bf4 Nb4 19. Qe2 Bxb5 20. cxb5 Re8 21. Rfd1 Qb6 22. Nd4 Bc5 23. Qd2 Rad8 24. Be3 Ng4 25. Qc3 Nxe3 26. fxe3 Bxd4 27. exd4 Rc8 28. Qb3 Nc2 29. Qd5 Nxa1 30. Rxa1 Rcd8 31. Qc5 Qf6 32. Bxb7 Rxd4 33. Rf1 Qd8 34. Bc6 Re2 35. b6 Rdd2 36. b7 Rc2 37. Qa7 Rxb2 38. Rxf7 Rb1+ 0-1

[Event "Milan Crespi op-B 33rd"]
[Site "Milan"]
[Date "2012.12.04"]
[Round "4"]
[White "Formento, Paolo"]
[Black "Bemporad, Filippo"]
[Result "1-0"]
[WhiteElo "2167"]
[BlackElo "2046"]
[PlyCount "135"]
[EventDate "2012.12.01"]
[EventType "swiss"]
[EventRounds "9"]
[EventCountry "ITA"]
[SourceTitle "EXT 2014"]
[Source "ChessBase"]
[SourceDate "2013.11.20"]
[SourceVersion "1"]
[SourceVersionDate "2013.11.20"]
[SourceQuality "1"]

1. e4 c5 2. Nf3 d6 3. d4 cxd4 4. Nxd4 Nf6 5. Nc3 e6 6. g4 h6 7. Rg1 Be7 8. Be3 Nc6 9. h4 Nh7 10. Nf3 a6 11. g5 hxg5 12. hxg5 Nf8 13. Qd2 Bd7 14. Nd4 Qc7 15. f4 Ng6 16. 0-0-0 0-0-0 17. Qf2 Kb8 18. Ndb5 axb5 19. Bb6 Qc8 20. Nxb5 Rdg8 21. Bc7+ Qxc7 22. Nxc7 Kxc7 23. Rg3 Rb8 24. f5 Nge5 25. f6 gxf6 26. gxf6 Bf8 27. Bb5 Rh4 28. Qg2 Rf4 29. Rf1 Rh4 30. c3 Rh6 31. Kb1 Rh4 32. Rh3 Rg4 33. Qh1 Ra8 34. Be2 Rg6 35. Rh8 Na5 36. b3 Bc6 37. Rh7 Rg3 38. Bh5 Re3 39. Re1 Bxe4+ 40. Qxe4 Rxe4 41. Rxe4 Rd8 42. Bxf7 Rd7 43. Bg8 Rxh7 44. Bxh7 Nac6 45. Bg8 Nd8 46. c4 Nd7 47. Rf4 Bh6 48. Rf1 Bg5 49. f7 Be7 50. Kc2 Bf8 51. Kd3 Nc5+ 52. Ke3 e5 53. b4 Bh6+ 54. Ke2 Nce6 55. Kd3 Nf4+ 56. Ke4 Nde6 57. a4 Bg7 58. a5 Kc6 59. Ra1 Nc7 60. b5+ Kc5 61. a6 bxa6 62. bxa6 Kb6 63. a7 Kb7 64. Bh7 Nfe6 65. Kf3 Bf8 66. Bf5 Nc5 67. Rb1+ Kxa7 68. Rg1 1-0

[Event "Bratto op-B 32nd"]
[Site "Bratto"]
[Date "2012.09.12"]
[Round "9"]
[White "Bemporad, Filippo"]
[Black "Gerola, Fausto"]
[Result "1/2-1/2"]
[WhiteElo "2079"]
[BlackElo "2199"]
[PlyCount "45"]
[EventDate "2012.08.18"]
[EventType "swiss"]
[EventRounds "9"]
[EventCountry "ITA"]
[SourceTitle "EXT 2014"]
[Source "ChessBase"]
[SourceDate "2013.11.20"]
[SourceVersion "1"]
[SourceVersionDate "2013.11.20"]
[SourceQuality "1"]

1. d4 f5 2. g3 Nf6 3. Bg2 g6 4. Nf3 Bg7 5. 0-0 0-0 6. c4 d6 7. b3 Nbd7 8. Bb2 h6 9. Nbd2 c6 10. Qc2 d5 11. Ne5 Nxe5 12. dxe5 Ne4 13. Nxe4 dxe4 14. f4 Be6 15. Rad1 Qc7 16. Bc1 Rad8 17. Be3 c5 18. Rxd8 Rxd8 19. Rd1 b6 20. Rxd8+ Qxd8 21. Qd2 Qxd2 22. Bxd2 Kf7 23. Kf2 1/2-1/2

[Event "Bratto op-B 32nd"]
[Site "Bratto"]
[Date "2012.08.23"]
[Round "6"]
[White "Bemporad, Filippo"]
[Black "Llaneza Vega, Patricia"]
[Result "0-1"]
[WhiteElo "2079"]
[BlackElo "2238"]
[PlyCount "50"]
[EventDate "2012.08.18"]
[EventType "swiss"]
[EventRounds "9"]
[EventCountry "ITA"]
[SourceTitle "EXT 2014"]
[Source "ChessBase"]
[SourceDate "2013.11.20"]
[SourceVersion "1"]
[SourceVersionDate "2013.11.20"]
[SourceQuality "1"]

1. d4 Nf6 2. Nf3 g6 3. c4 Bg7 4. Nc3 0-0 5. e4 d6 6. Be2 e5 7. 0-0 Nc6 8. d5 Ne7 9. Ne1 Nd7 10. Nd3 f5 11. Bd2 fxe4 12. Nxe4 Nf5 13. f3 Nf6 14. Ndf2 Bd7 15. Bg5 h6 16. Bd2 a5 17. Bd3 Nxe4 18. Nxe4 b6 19. Rc1 Qe8 20. b3 g5 21. Nc3 e4 22. fxe4 Bd4+ 23. Kh1 Ng3+ 24. hxg3 Rxf1+ 25. Qxf1 Qh5# 0-1

[Event "Milan Repubblica op"]
[Site "Milan"]
[Date "2012.06.03"]
[Round "5"]
[White "Motola, Jacopo"]
[Black "Bemporad, Filippo"]
[Result "1/2-1/2"]
[WhiteElo "1937"]
[BlackElo "2078"]
[PlyCount "147"]
[EventDate "2012.05.31"]
[EventType "swiss"]
[EventRounds "6"]
[EventCountry "ITA"]
[SourceTitle "EXT 2015"]
[Source "ChessBase"]
[SourceDate "2014.11.20"]
[SourceVersion "1"]
[SourceVersionDate "2014.11.20"]
[SourceQuality "1"]

1. e4 c5 2. c3 d5 3. exd5 Qxd5 4. d4 Nf6 5. Nf3 Nc6 6. Be2 Bg4 7. h3 Bh5 8. Be3 cxd4 9. cxd4 e6 10. Nc3 Qa5 11. 0-0 Be7 12. Ne5 Bxe2 13. Nxc6 Bxd1 14. Nxa5 Bc2 15. Rac1 Bg6 16. Nb5 0-0 17. Rfd1 Nd5 18. Bd2 Bf6 19. Be1 Nf4 20. Rc7 a6 21. Nd6 Ne2+ 22. Kf1 Nxd4 23. Bc3 Nb5 24. Nxb5 axb5 25. Bxf6 gxf6 26. b4 b6 27. Nc6 Rxa2 28. Rdd7 Rb2 29. f3 Ra8 30. Ra7 Rxa7 31. Rxa7 Rc2 32. Ne7+ Kg7 33. Rb7 Rc4 34. Rxb6 Rxb4 35. Nc6 Rb2 36. Rb7 Kh6 37. Nd8 Kg5 38. Nxf7+ Kf4 39. Nd6 Kg3 40. Ne4+ Bxe4 41. fxe4 Kf4 42. Rxh7 Kxe4 43. h4 Ke3 44. Kg1 Kf4 45. Rg7 Rc2 46. h5 Rc5 47. g4 Rc8 48. Rg6 e5 49. Rxf6+ Kxg4 50. Rb6 Kg3 51. Kf1 Kf3 52. Rf6+ Ke3 53. Rb6 Rc5 54. h6 e4 55. h7 Rf5+ 56. Kg2 Rh5 57. Rxb5 Rxh7 58. Rb3+ Kd2 59. Rb2+ Kc3 60. Rb8 Rf7 61. Ra8 Kd3 62. Ra3+ Kd2 63. Ra2+ Ke3 64. Ra3+ Kf4 65. Kf2 Rh7 66. Ke2 Rh2+ 67. Ke1 Rb2 68. Rc3 Ke5 69. Ra3 Kd4 70. Rh3 Rb5 71. Ke2 Ra5 72. Rg3 Ra2+ 73. Ke1 Rb2 74. Ra3 1/2-1/2

[Event "Milan Repubblica op"]
[Site "Milan"]
[Date "2012.06.01"]
[Round "2"]
[White "Bemporad, Filippo"]
[Black "Pierandrei, Cristiano"]
[Result "1/2-1/2"]
[WhiteElo "2078"]
[BlackElo "1955"]
[PlyCount "38"]
[EventDate "2012.05.31"]
[EventType "swiss"]
[EventRounds "6"]
[EventCountry "ITA"]
[SourceTitle "EXT 2015"]
[Source "ChessBase"]
[SourceDate "2014.11.20"]
[SourceVersion "1"]
[SourceVersionDate "2014.11.20"]
[SourceQuality "1"]

1. d4 Nf6 2. Nf3 g6 3. c4 Bg7 4. Nc3 d5 5. cxd5 Nxd5 6. Bd2 0-0 7. e4 Nb6 8. Be3 Bg4 9. Be2 Nc6 10. d5 Bxf3 11. gxf3 Ne5 12. Bd4 c6 13. f4 Ned7 14. Bxg7 Kxg7 15. Qd4+ Kg8 16. dxc6 bxc6 17. 0-0-0 Qc7 18. e5 Rfd8 19. e6 Nf6 1/2-1/2